LEADER 00607nam a2200169 i 4500 001 000000173003 003 CaOOAMICUS 005 20080703000000.0 008 080703n it u000 u ita u 013 $a150454 040 $aSeMil$bita 245 10$aVol. 2. 300 $a429 p. 773 0 $aTolstoj, Lev Nikolàevi? <1828-1910>$tAnna Karénina (1873-1876).$dTorino : Unione Tipografico-Editrice Torinese, 1941.$kGrandi scrittori stranieri$w()19736 850 $aSeMil 852 $aSeMil$W1$xVenegono$y1$m1W II 102$j123854$B123854$CSeMilBibl$Z2$F135008 $81 996 $6245$aVol. 2$9(OLS)http://semarc/title/13458 LEADER 01319nam a2200289 i 4500 001 000000120506 003 CaOOAMICUS 005 20220622110524.0 008 031126s2003 it u000 u ita u 013 $a93200 020 $a88-15-09341-9 040 $aSeMil$bita 100 1 $aFlori, Jean,$d<1936-2018>.$0(OLS)http://semarc/name/37741 240 13$aLa guerre sainte : la formation de l'idée de croisade dans l'Occident chrétien.$0(OLS)http://semarc/title/177381 245 13$aLa guerra santa :$bla formazione dell'idea di crociata nell'Occidente cristiano /$cJean Flori. 264 1$aBologna :$bIl Mulino,$c2003. 300 $a441 p. ;$c22 cm. 490 1 $aCollezione di testi e di studi. Storiografia 650 4$aCrociate - Idea.$0(OLS)http://semarc/subject/48339 830 0$aCollezione di testi e di studi. Storiografia.$0(OLS)http://semarc/title/8520 850 $aSeMil 852 $aSeMil$W1$xVenegono$y1$m3B II 66$j75690$B75690$CSeMilBibl$Z2$F77586 $81 961 $aAcquisto: Mescat 996 $6020$a88-15-09341-9$9(OLS)http://semarc/number/105793 996 $6245$aLa guerra santa :$bla formazione dell'idea di crociata nell'Occidente cristiano$9(OLS)http://semarc/title/177380 996 $6264$aBologna :$bIl Mulino$9(OLS)http://semarc/publisher/29842